LEADER 01022nam0 22002771i 450 001 UON00399985 005 20231205104651.958 100 $a20111110d1922 |0itac50 ba 101 $afre 102 $aFR 105 $a|||| ||||| 200 1 $aˆLa ‰ fete arabe$fJérome et Jean Tharaud 210 $aParis$cPlon$d[1922] 215 $a291 p.$d18 cm. 606 $aARABIA$xFeste$3UONC079969$2FI 606 $aFeste$xAspetti antropologici$3UONC077009$2FI 620 $aFR$dParis$3UONL002984 700 1$aTHARAUD$bJérôme$3UONV052009$0489266 701 1$aTHARAUD$bJean$3UONV052010$0595818 712 $aLibrairie Plon$3UONV248688$4650 801 $aIT$bSOL$c20260313$gRICA 899 $aSIBA - SISTEMA BIBLIOTECARIO DI ATENEO E ARCHIVIO STORICO$2UONSI 912 $aUON00399985 950 $aSIBA - SISTEMA BIBLIOTECARIO DI ATENEO E ARCHIVIO STORICO$dSI B B 0069 $eSI MR 24361 5 0069 $sBuono 996 $aFete arabe$91349051 997 $aUNIOR